000 00977cam a2200265 4500
001 856
003 BD-RjUL
005 20211208233235.0
008 131123s1969 ilu b 100 0 eng
035 _a(BD-RjUL)878
040 _aDLC
_cDLC
_dDLC
_d(BD-RjUL)
_beng
041 _aeng
082 0 0 _a021.640973
_221
_bLIB 1969
245 0 0 _aLibrary networks, promise and performance :
_bthe thirty-third conference of the Graduate Library School, July 29-31, 1968. /
_cEdited by Leon Carnovsky.
260 _aChicago :
_bUniversity of Chicago Press,
_c1969.
300 _av, 110 p. ;
_c25 cm.
500 _a"Papers ... published originally in the Library quarterly, January 1969."
504 _aBibliographical footnotes.
650 0 _aLibrary cooperation
_zUnited States
_xCongresses.
_92558
700 1 _aCarnovsky, Leon,
_d1903-
_eed.
_91357
942 _2ddc
_cBK
999 _c856
_d856